000 02059nam a2200529 i 4500
001 25914
003 KOSZ 005
005 20200903085044.0
008 200806s1973 pl a f 000 0 pol
015 _aUWD B 1974/265
035 _a991033049469705066
035 _a(PL-WaBN)b18857152-48omnis_nlop
035 _ab18857152
035 _a(OCoLC)838988870
035 _a(PL)b0000001885715
035 _a(EXLNZ-48OMNIS_NETWORK)9910330896105606
040 _aWA N
_cWA N
_dKOSZ 005/RW
046 _k1973
080 _a621.316/.317
080 _a536
100 1 _aKuźma, Czesław
_eAutor
245 1 0 _aMiniaturowe termistorowe czujniki do pomiaru temperatury powierzchni /
_cCzesław Kuźma, Eugeniusz Kuźma ; Instytut Technologii Elektronowej przy Naukowo-Produkcyjnym Centrum Półprzewodników.
260 _aWarszawa :
_b"Wema",
_c1973.
300 _a8 stron :
_bilustracje ;
_c24 cm.
336 _aTekst
_btxt
_2rdacontent
337 _aBez urządzenia pośredniczącego
_bn
_2rdamedia
338 _aWolumin
_bnc
_2rdacarrier
380 _aKsiążki
380 _aPublikacje fachowe
388 1 _a1901-2000
388 1 _a1945-1989
490 1 _aPrace ITE / Instytut Technologii Elektronowej przy Naukowo-Produkcyjnym Centrum Półprzewodników,
_x0079-3248 ;
_vVI/31
506 _aNa prawach rękopisu. Do użytku wewnętrznego.
650 7 _aTermistory
650 7 _aCzujniki
650 7 _aTemperatura
650 7 _aPomiary
655 7 _aOpracowanie
658 _aInżynieria i technika
700 1 _aKuźma, Eugeniusz
_d( -2012)
_eAutor
710 2 _aWydawnictwa Przemysłowe WEMA
_4pbl
710 2 _aCentrum Naukowo-Produkcyjne Półprzewodników i Mikroelektroniki.
_bInstytut Technologii Elektronowej
830 0 _aPrace Instytutu Technologii Elektronowej
_vVI/31
856 _uhttp://koha.tu.koszalin.pl/cgi-bin/koha/opac-detail.pl?biblionumber=25914
_yKatalog online BPK
942 _2UKD
_cKS
999 _c25914
_d25914